Argentina's privatization program : (Record no. 18596)

000 -LEADER
fixed length control field 00772cam a2200217 a 4500
020 ## - INTERNATIONAL STANDARD BOOK NUMBER
ISBN 0821325868
040 ## - CATALOGING SOURCE
Transcribing agency DLC
082 00 - DEWEY DECIMAL CLASSIFICATION NUMBER
Classification number 338 WOR 1993 C148 Or.
245 00 - TITLE STATEMENT
Title Argentina's privatization program :
Remainder of title experience, issues, and lessons /
260 ## - PUBLICATION, DISTRIBUTION, ETC. (IMPRINT)
Place of publication Washington, D.C. :
Name of publisher World Bank,
Year of publication c1993.
300 ## - PHYSICAL DESCRIPTION
Number of Pages xi, 31 p. ;
Dimensions 23 cm.
490 1# - SERIES STATEMENT
Series statement Development in practice
500 ## - GENERAL NOTE
General note "Much of this booklet has been adapted from 'Argentina's privatization program' by Myrna Alexander and Carlos Corti, World Bank staff"--Verso t.p.
650 #0 - SUBJECT ADDED ENTRY--TOPICAL TERM
Topical Term Privatization
650 #0 - SUBJECT ADDED ENTRY--TOPICAL TERM
Topical Term Structural adjustment (Economic policy)
650 #0 - SUBJECT ADDED ENTRY--TOPICAL TERM
Topical Term Government business enterprises
700 1# - ADDED ENTRY--PERSONAL NAME
Personal name Alexander, Myrna,
700 1# - ADDED ENTRY--PERSONAL NAME
Personal name Corti, Carlos.
710 2# - ADDED ENTRY--CORPORATE NAME
Corporate name or jurisdiction name as entry element World Bank.
942 ## - ADDED ENTRY ELEMENTS (KOHA)
Koha item type ADB
952 ## - LOCATION AND ITEM INFORMATION (KOHA)
Withdrawn status [LOCAL, KOHA] 0
952 ## - LOCATION AND ITEM INFORMATION (KOHA)
Withdrawn status [LOCAL, KOHA] 0
952 ## - LOCATION AND ITEM INFORMATION (KOHA)
Withdrawn status [LOCAL, KOHA] 0
952 ## - LOCATION AND ITEM INFORMATION (KOHA)
Withdrawn status [LOCAL, KOHA] 0
952 ## - LOCATION AND ITEM INFORMATION (KOHA)
Withdrawn status [LOCAL, KOHA] 0
Holdings
Source of acquisition Permanent Location Date acquired Koha item type Lost status Shelving location Current Location Full call number
A32738Library Block C2019-12-25សៀវភៅភាសាអង់គ្លេស C148Library Block C338 WOR 1993 C148 Or.
A39659Library Block C2020-09-25សៀវភៅភាសាអង់គ្លេស C165Library Block C338 WOR 1993 C148 Or.
A38846Library Block C2020-09-25សៀវភៅភាសាអង់គ្លេស C165Library Block C338 WOR 1993 C148 Or.
A38846Library Block C2020-09-25សៀវភៅភាសាអង់គ្លេស C165Library Block C338 WOR 1993 C148 Or.
A35176Library Block C2020-09-25សៀវភៅភាសាអង់គ្លេស C165Library Block C338 WOR 1993 C148 Or.
មជ្ឈមណ្ឌលឯការនៃសាកលវិទ្យាល័យភូមិន្ទកសិកម្មចំការដូង

Powered by Koha